00401nam a2200169Ia 4500008004100000041000800041082000800049100001400057245003300071260003900104300000800143365000800151500001400159501000800173650003100181999001900212230725s1995 xx 000 0 und d aeng bDAS aDAS P. K. aHANDBOOK OF HUMAN PHYSIOLOGY bCURRENT BOOKS INTERNATIONALSc1995 a464 h10% aTEXT BOOK aHAP aHUMAN ANATOMY & PHYSIOLOGY c768675d768675